[Event "2015: The Year Of Darkcoin"]
[Site "SchemingMind.com"]
[Date "2015.01.03"]
[Round "-"]
[White "Eric Caesar"]
[Black "smothered mate"]
[Result "0-1"]
[WhiteCountry "NED"]
[BlackCountry "POL"]
[WhiteElo "1929"]
[WhiteRD "76"]
[BlackElo "1887"]
[BlackRD "63"]
[GameID "372069"]

1. d4 d5 2. Nf3 c5 3. e3 Nc6 4. c3 Bg4 5. h3 Bxf3 6. Qxf3 e6 7. Bd3 Nf6 8. O-O Be7 9. Nd2 O-O 10. dxc5 Bxc5
11. e4 Ne5 12. Qe2 Nxd3 13. Qxd3 dxe4 14. Qe2 Qd3 15. Re1 Rfd8 16. Kf1 Qxe2+ 17. Rxe2 e3 18. fxe3 Rd3 19. Nb3 Bb6 20. Bd2 Ne4
21. Be1 Rad8 22. Nd4 e5 23. Nc2 Rd1 24. Rxd1 Rxd1 25. g4 Ng3+
0-1

[Event "2015: The Year Of Darkcoin"]
[Site "SchemingMind.com"]
[Date "2014.12.30"]
[Round "-"]
[White "Scooter"]
[Black "Eric Caesar"]
[Result "0-1"]
[WhiteCountry "USA"]
[BlackCountry "NED"]
[WhiteElo "1778"]
[WhiteRD "45"]
[BlackElo "1936"]
[BlackRD "79"]
[GameID "372070"]

1. d4 Nf6 2. Nf3 e6 3. Bg5 d5 4. e3 Nbd7 5. Be2 h6 6. Bxf6 Nxf6 7. O-O Bd6 8. Nbd2 O-O 9. c4 c5 10. cxd5 Nxd5
11. Ne4 cxd4 12. Qxd4 Bc7 13. Rfd1 Qe7 14. a3 Bd7 15. Nc5 Bc6 16. Bc4 Rfd8 17. Nb3 Nb6 18. Qc3 Nxc4 19. Qxc4 Bd5 20. Qc5 Bd6
21. Qb5 a6 22. Qd3 Bxf3
0-1

[Event "2015: The Year Of Darkcoin"]
[Site "SchemingMind.com"]
[Date "2014.12.30"]
[Round "-"]
[White "Eric Caesar"]
[Black "Scooter"]
[Result "1-0"]
[WhiteCountry "NED"]
[BlackCountry "USA"]
[WhiteElo "1936"]
[WhiteRD "79"]
[BlackElo "1778"]
[BlackRD "45"]
[GameID "372071"]

1. d4 Nf6 2. Nf3 g6 3. c4 Bg7 4. Nc3 O-O 5. e4 d6 6. Be2 b6 7. O-O Bb7 8. Qc2 Nbd7 9. b4 c5 10. bxc5 dxc5
11. d5 Ng4 12. Bb2 Nge5 13. Nxe5 Bxe5 14. Nd1 Bxb2 15. Nxb2 Nf6 16. e5 Nd7 17. f4 Re8 18. Bf3 a6 19. Rad1 Qc8 20. Nd3 Qb8
21. Nf2 Qc8 22. Ne4 Qb8 23. d6 e6 24. Nf6+ Nxf6 25. exf6 Bxf3 26. Rxf3 Rd8 27. Rfd3 Rd7 28. a4 Qb7 29. Qf2 Qe4 30. Qh4 h5
31. Qg5 Qf5 32. h4 Qxg5 33. hxg5 Kf8 34. Kf2 Ke8 35. Ke3 Kd8 36. Ke4 Kc8 37. Ke5 Kb7 38. Rb1 Kc6 39. Rdb3 Rb8 40. g3 Rbb7
41. Rd3 Rb8 42. Rg1 b5 43. axb5+ axb5 44. Rc1 b4 45. Ra1 Kb6 46. Rd2 Kc6 47. Ra6+ Rb6 48. Ra8 b3 49. Ra1 Rb4 50. Rb2 Rxc4
51. Rxb3 Rb4 52. Rd3 Rd4 53. Rxd4 cxd4 54. Rc1+ Kb7 55. Rc4 d3 56. Rd4 Kc6 57. Rxd3 Kc5 58. Rd1 Kc6 59. Rc1+ Kb7 60. Rg1 Kc6
61. Rd1 Kc5 62. Ra1 Kb6 63. Ra8 Kc6 64. Re8 Rxd6 65. Rc8+ Kd7 66. Rd8+
1-0

[Event "2015: The Year Of Darkcoin"]
[Site "SchemingMind.com"]
[Date "2014.12.30"]
[Round "-"]
[White "Transcendent"]
[Black "Eric Caesar"]
[Result "0-1"]
[WhiteCountry "ENG"]
[BlackCountry "NED"]
[WhiteElo "1450"]
[WhiteRD "71"]
[BlackElo "1953"]
[BlackRD "76"]
[GameID "372072"]

1. d4 Nf6 2. c4 e6 3. g3 d5 4. Nf3 c6 5. Bg2 dxc4 6. Qc2 b5 7. a4 Bb7 8. O-O Be7 9. axb5 cxb5 10. b3 cxb3
11. Qxb3 a6 12. Bb2 O-O 13. Nbd2 Nbd7 14. Rfd1 Nb6 15. e3 Qd5 16. Qxd5 Bxd5 17. Rdc1 Na4 18. Ba3 Bxa3 19. Rxa3 Rfc8 20. Raa1 Kf8
21. Ne5 Bxg2 22. Kxg2 Ke8 23. Nb3 Nd7 24. Nxd7 Kxd7 25. Kf3 Rxc1 26. Rxc1 Rc8 27. Rxc8 Kxc8 28. Ke4 Kc7 29. h4 Kd6 30. g4 Nc3+
31. Kf4 Nd5+ 32. Kf3 Ne7 33. Ke4 Nc6 34. f4 a5 35. h5 a4 36. Nc1 b4 37. Kd3 f5 38. g5 Kd5 39. Na2 a3 40. h6 gxh6
41. gxh6 Ne7 42. Nxb4+ Kd6 43. Kc3 Ng8 44. Nd3 Nxh6 45. Nf2 Ng4
0-1

[Event "2015: The Year Of Darkcoin"]
[Site "SchemingMind.com"]
[Date "2014.12.30"]
[Round "-"]
[White "Eric Caesar"]
[Black "Transcendent"]
[Result "1-0"]
[WhiteCountry "NED"]
[BlackCountry "ENG"]
[WhiteElo "1970"]
[WhiteRD "76"]
[BlackElo "1422"]
[BlackRD "66"]
[GameID "372073"]

1. d4 d5 2. Nf3 Nf6 3. e3 c5 4. c3 e6 5. Bd3 Nc6 6. O-O Bd7 7. Nbd2 Rc8 8. Qe2 Be7 9. dxc5 Bxc5 10. e4 dxe4
11. Nxe4 Nxe4 12. Qxe4 g6 13. Bh6 Bf8 14. Bxf8 Kxf8 15. Rad1 Qe7 16. Ne5 Nxe5 17. Qxe5 f6 18. Qa5 a6 19. Rd2 Rc5 20. Qb4 Rd5
21. Qxb7 Bb5 22. Qxe7+ Kxe7 23. Bxb5 Rxd2 24. Bxa6 Rxb2 25. a4 Rc2 26. c4 Rc8 27. Bxc8 Rxc4 28. Bb7 Rxa4 29. g3 Rb4 30. Bg2 e5
31. Ra1 Ke6 32. h4 h5 33. Ra6+ Kf5 34. Bh3+ Ke4 35. Rxf6
1-0

[Event "2015: The Year Of Darkcoin"]
[Site "SchemingMind.com"]
[Date "2015.01.03"]
[Round "-"]
[White "eun77"]
[Black "Eric Caesar"]
[Result "0-1"]
[WhiteCountry "ISR"]
[BlackCountry "NED"]
[WhiteElo "1264"]
[WhiteRD "56"]
[BlackElo "1970"]
[BlackRD "76"]
[GameID "372074"]

1. e4 c5 2. d3 d6 3. h3 Nf6 4. Nf3 Nc6 5. Be2 g6 6. O-O Bg7 7. Nh2 O-O 8. Bg4 Nxg4 9. Nxg4 Bxg4 10. Qxg4 Nd4
11. Na3 Qc8 12. Qxc8 Raxc8 13. Be3 a6 14. Bxd4 Bxd4 15. c3 Bg7 16. Rab1 b5 17. Nc2 a5
0-1

[Event "2015: The Year Of Darkcoin"]
[Site "SchemingMind.com"]
[Date "2015.01.03"]
[Round "-"]
[White "Eric Caesar"]
[Black "eun77"]
[Result "1-0"]
[WhiteCountry "NED"]
[BlackCountry "ISR"]
[WhiteElo "1970"]
[WhiteRD "76"]
[BlackElo "1264"]
[BlackRD "56"]
[GameID "372075"]

1. d4 d5 2. Nf3 e6 3. e3 Nf6 4. Bd3 Be7 5. O-O O-O 6. Nbd2 h6 7. c3 Nh7 8. e4 dxe4 9. Nxe4 f5 10. Ng3 Bg5
11. Ne5 Bxc1 12. Rxc1 Qe8 13. Re1 Nc6 14. Bb5 a6 15. Bxc6 bxc6 16. Qb3
1-0

[Event "2015: The Year Of Darkcoin"]
[Site "SchemingMind.com"]
[Date "2014.12.29"]
[Round "-"]
[White "berns"]
[Black "Eric Caesar"]
[Result "0-1"]
[WhiteCountry "ENG"]
[BlackCountry "NED"]
[WhiteElo "1611"]
[WhiteRD "80"]
[BlackElo "1936"]
[BlackRD "79"]
[GameID "372076"]

1. d4 Nf6 2. c4 e6 3. Bg5 Bb4+ 4. Nd2 h6 5. Bxf6 Qxf6 6. Nf3 O-O 7. e3 d5 8. a3 Bxd2+ 9. Qxd2 Nd7 10. Bd3 dxc4
11. Bxc4 e5 12. dxe5 Nxe5 13. Nxe5 Qxe5 14. f4 Qe7 15. Rc1 Bf5 16. h3 Rad8 17. Qf2 Rfe8 18. Rc3 c5 19. O-O a6 20. Re1 Be4
21. Qg3 Rd2 22. Re2 Red8 23. Kf2 b5 24. Rxd2 Rxd2+ 25. Be2 Rxb2 26. h4 c4 27. Qh3 Bd3 28. Kg3 Rxe2 29. Qc8+ Kh7 30. Qg4 Qxe3+
31. Kh2 Re1 32. Rxd3 Qxd3 33. Qc8 Qg6 34. Qc5 Re2 35. Qd5 c3
0-1

[Event "2015: The Year Of Darkcoin"]
[Site "SchemingMind.com"]
[Date "2014.12.29"]
[Round "-"]
[White "Eric Caesar"]
[Black "berns"]
[Result "1-0"]
[WhiteCountry "NED"]
[BlackCountry "ENG"]
[WhiteElo "1936"]
[WhiteRD "79"]
[BlackElo "1611"]
[BlackRD "80"]
[GameID "372077"]

1. e4 c5 2. Nf3 Nc6 3. d4 cxd4 4. Nxd4 Nf6 5. Nc3 g6 6. Be2 Bg7 7. O-O O-O 8. Nb3 d6 9. Be3 Be6 10. f3 Na5
11. Nxa5 Qxa5 12. Qd2 Rac8 13. Rac1 Bxa2 14. Ra1 Rxc3 15. Qxc3 Qxc3 16. bxc3 Be6 17. Rxa7 Rc8 18. Rxb7 Rxc3 19. Rb8+ Bf8 20. Bh6 Rc8
21. Rxc8 Bxc8 22. Bxf8 Kxf8 23. Rb1 Bd7 24. Rb8+ Kg7 25. Rb7 h5 26. Bb5 Bxb5 27. Rxb5 Kh6 28. Rb7 Ng8 29. Kf2 g5 30. Ke3 Kg6
31. c4 f6 32. Kd4 e5+ 33. Kd5
1-0

[Event "2015: The Year Of Darkcoin"]
[Site "SchemingMind.com"]
[Date "2014.12.29"]
[Round "-"]
[White "William Lindberg"]
[Black "Eric Caesar"]
[Result "0-1"]
[WhiteCountry "USA"]
[BlackCountry "NED"]
[WhiteElo "2191"]
[WhiteRD "70"]
[BlackElo "1970"]
[BlackRD "76"]
[GameID "372078"]

1. c4 Nf6 2. Nf3 e6 3. d4 d5 4. Nc3 Bb4 5. e3 O-O 6. Bd3 c5 7. dxc5 Bxc5 8. O-O Nc6 9. a3 dxc4 10. Bxc4 Qe7
11. Qc2 Bd7 12. Bd2 Rfd8 13. Ne4 Bb6 14. Rfd1 Rac8 15. Bc3 Be8 16. Nxf6+ gxf6 17. Qe4 Rxd1+ 18. Rxd1 Rd8 19. Qg4+ Kh8 20. Bd3 Rxd3
21. Rxd3 Bc7 22. Qh4 e5 23. Nd2 Bd7 24. Ne4 Bf5 25. Qxf6+ Qxf6 26. Nxf6 Bxd3 27. g4 Bd8 28. Nd7 f6 29. Nc5 Ba6 30. Nxa6 bxa6
31. f3 Kg7 32. Kf2 Kf7 33. Ke2 a5 34. Kd3 Bb6 35. h4 Ke6 36. b3 Kd5 37. Kd2 Ne7 38. Ke2 Ng6 39. Be1 Bc5 40. h5 Ne7
41. a4 Bb4 42. Bh4 Ke6 43. Bf2 a6 44. e4 Nc6 45. Kd3 Nd8 46. Be3 Nb7 47. Bf2 Be7 48. Be1 Bd8 49. Bf2 Kd6 50. Kc4 Kc6
51. Kc3 Nc5 52. Kc2 Ne6 53. Kd3 Ng5 54. Ke2 Bb6 55. Be1 Ne6 56. Kd3 Nd4 57. Bh4 Bd8 58. f4 Kd7 59. fxe5 fxe5 60. Bf2 Nxb3
61. Kc4 Nc1 62. Kd5 Bg5 63. Bb6 Bf4 64. Bxa5 Nd3 65. Bc3 Ke7 66. a5 Kf6 67. Kc4 Nf2 68. Kd5 Nxg4 69. Be1 Ke7 70. Kc6 Nf6
71. Bh4 Ke6 72. Kb6 Nxe4 73. Kxa6 Be3 74. Kb5 Nf6 75. h6 Bxh6 76. Bf2 Nd5 77. Kc5 Nc7 78. Kb6 Kd7 79. Kc5 Bd2 80. Bg3 Bc3
81. Kc4 Bd4 82. Bh4 Ke6 83. Bd8 Nd5 84. Bh4 h5 85. Kd3 Kf5 86. Kc4 Ke4 87. Kb5 Kd3 88. Kc6 Nb4+ 89. Kd7 e4 90. Ke6 e3
91. Kf5 e2 92. Kg6 Nc2 93. Kxh5 e1=Q 94. Bxe1 Nxe1 95. Kg6 Kc4 96. Kf5 Kb5 97. Ke4 Bc3 98. a6 Kxa6 99. Kf4 Kb5 100. Kg3 Kc4
101. Kh2 Kd4 102. Kg1 Ke3 103. Kh1 Kf3 104. Kh2 Nd3 105. Kh1 Nf2+ 106. Kg1 Be5 107. Kf1 Bh2 108. Ke1 Ne4 109. Kd1 Ke3 110. Kc2 Nd2
111. Kb2 Bd6 112. Kc3 Be7 113. Kc2 Bf6 114. Kc1 Kd3 115. Kd1 Bh4 116. Kc1 Nc4 117. Kd1 Nb2+ 118. Kc1 Kc3 119. Kb1 Kb3 120. Kc1 Bg5+
121. Kb1 Nc4 122. Ka1 Bd2 123. Kb1 Na3+
0-1

[Event "2015: The Year Of Darkcoin"]
[Site "SchemingMind.com"]
[Date "2014.12.29"]
[Round "-"]
[White "Eric Caesar"]
[Black "William Lindberg"]
[Result "0-1"]
[WhiteCountry "NED"]
[BlackCountry "USA"]
[WhiteElo "1955"]
[WhiteRD "79"]
[BlackElo "2186"]
[BlackRD "67"]
[GameID "372079"]

1. d4 Nf6 2. Nf3 d5 3. e3 e6 4. Bd3 c5 5. c3 Nc6 6. O-O Qc7 7. Nbd2 cxd4 8. exd4 Bd6 9. Re1 O-O 10. Qe2 b6
11. Ne5 Bb7 12. Ndf3 Ne4 13. Nxc6 Bxc6 14. Be3 Rae8 15. Rad1 f6 16. h3 Qf7 17. Nd2 f5 18. Nf1 f4 19. Bc1 f3 20. Qxf3 Nxf2
21. Qxf7+ Rxf7 22. Rd2 Nxd3 23. Rxd3 e5 24. dxe5 Bxe5 25. Rde3 Rfe7 26. Kh1 Kf7 27. Nh2 d4 28. cxd4 Bxd4 29. Rxe7+ Rxe7 30. Rxe7+ Kxe7
31. b3 Be4 32. Nf3 Bf6 33. Kg1 Bb1 34. a3 Ke6 35. Kf2 Kd5 36. Ke2 Bc2 37. b4 h6 38. Kd2 Ba4 39. Ke3 Kc4 40. Nd2+ Kc3
41. Ne4+ Kc2 42. Nxf6 Kxc1 43. Nh5 g5 44. Kd4 Kb2 45. g4 Kxa3 46. Kc3 Bc6 47. Nf6 b5
0-1

[Event "2015: The Year Of Darkcoin"]
[Site "SchemingMind.com"]
[Date "2014.12.30"]
[Round "-"]
[White "pcmvr"]
[Black "clare1347"]
[Result "1-0"]
[WhiteCountry "NED"]
[BlackCountry "ENG"]
[WhiteElo "2425"]
[WhiteRD "108"]
[BlackElo "2275"]
[BlackRD "80"]
[GameID "372160"]

1. b4 e5 2. Bb2 d6 3. c4 Nf6 4. Nc3 c6 5. e3 Be7 6. Nf3 e4 7. Nd4 c5 8. bxc5 dxc5 9. Nde2 Bf5 10. Ng3 Bg6
11. h4 h5 12. Qc2 Nc6 13. Ncxe4 Qd7 14. d3 Nb4 15. Qb3 O-O-O 16. Rd1 Bxe4 17. Nxe4 Nxe4 18. dxe4 Qe6 19. Rxd8+ Rxd8 20. g3 Qxe4
21. Bh3+ Kb8 22. O-O Rd3 23. Qa4 Bf6 24. Bxf6 gxf6 25. Bg2 Qe6 26. Rd1 Rxd1+ 27. Qxd1 Kc7 28. Qxh5 Qxc4= 29. Qf5 Qd3 30. Qxc5+ Nc6
31. Bxc6
1-0

[Event "2015: The Year Of Darkcoin"]
[Site "SchemingMind.com"]
[Date "2014.12.30"]
[Round "-"]
[White "clare1347"]
[Black "pcmvr"]
[Result "1/2-1/2"]
[WhiteCountry "ENG"]
[BlackCountry "NED"]
[WhiteElo "2275"]
[WhiteRD "80"]
[BlackElo "2425"]
[BlackRD "108"]
[GameID "372161"]

1. d4 e6 2. e4 d5 3. Nc3 dxe4 4. Nxe4 Nf6 5. Bd3 Be7 6. Nxf6+ Bxf6 7. c3 c5 8. dxc5 Nd7 9. Be3 Qc7 10. Nf3 Nxc5
11. Bc2 b6 12. O-O Bb7 13. Nd4 O-O 14. Qg4 Rfd8 15. Rad1 Bd5 16. b3 a6 17. Qh3 g6 18. c4 Bb7 19. f4 Rd7 20. f5 Bxd4
21. Rxd4 exf5 22. Rxf5 Re7 23. Rf1 Qe5 24. Bf2 Ne6 25. Rd2 Nf4 26. Qh6 Ne2+ 27. Kh1 Qf6 28. Bd1 Rae8 29. Bxe2 Rxe2 30. Kg1 Qc6
31. Rd5 Qe6 32. Rd4 f6=
1/2-1/2

[Event "2015: The Year Of Darkcoin"]
[Site "SchemingMind.com"]
[Date "2014.12.30"]
[Round "-"]
[White "Derek Price"]
[Black "clare1347"]
[Result "1/2-1/2"]
[WhiteCountry "ENG"]
[BlackCountry "ENG"]
[WhiteElo "2329"]
[WhiteRD "81"]
[BlackElo "2233"]
[BlackRD "78"]
[GameID "372162"]

1. e4 e5 2. Nf3 Nc6 3. Bb5 a6 4. Ba4 Nf6 5. O-O Nxe4 6. d4 b5 7. Bb3 d5 8. dxe5 Be6 9. c3 Bc5 10. Nbd2 O-O
11. Bc2 f5 12. Nb3 Bb6 13. Nfd4 Nxd4 14. Nxd4 Bxd4 15. Qxd4 c5 16. Qd1 h6 17. f3 Ng5 18. Be3 Rc8 19. Qd2 d4 20. Bf2 Qa5
21. Rfd1 dxc3 22. Qxc3 Qxc3 23. bxc3 a5 24. Rd6 Bc4 25. Bb3 Rfe8 26. Bxc4+ bxc4 27. Re1 Ne6 28. g3 Rb8 29. Rd2 Red8 30. Red1 Rxd2
31. Rxd2 Rb1+ 32. Kg2 Rc1 33. Rd6 Kf7 34. Ra6 Rxc3 35. Ra7+ Ke8 36. Ra8+ Kd7 37. Ra7+ Ke8=
1/2-1/2

[Event "2015: The Year Of Darkcoin"]
[Site "SchemingMind.com"]
[Date "2014.12.30"]
[Round "-"]
[White "clare1347"]
[Black "Derek Price"]
[Result "1-0"]
[WhiteCountry "ENG"]
[BlackCountry "ENG"]
[WhiteElo "2295"]
[WhiteRD "81"]
[BlackElo "2297"]
[BlackRD "87"]
[GameID "372163"]

1. d4 d5 2. c4 c6 3. Nc3 Nf6 4. e3 e6 5. Nf3 Nbd7 6. cxd5 exd5 7. Bd3 Bd6 8. O-O O-O 9. Qc2 Re8 10. Re1 Nf8
11. e4 dxe4 12. Nxe4 Nxe4 13. Bxe4 Be6 14. Bd2 Qc7 15. Rac1 Qb6 16. Ng5 g6 17. b4 Qxd4 18. Nf3 Qb6 19. Bc3 Rad8 20. a3 Nd7
21. Ba1 Qb5 22. Rcd1 Bd5 23. Qc3 f6 24. Bxd5+ cxd5 25. Rxe8+ Rxe8 26. Qb3 Nb6 27. Bxf6 Qe2 28. Qb1 Qe6 29. Ba1 Nc4 30. Qd3 Qe4
31. Qc3 Be5 32. Nxe5 Rxe5 33. h3 b6 34. Qc1 Re8 35. Kh2 a6 36. a4 Ne5 37. Qc7 b5 38. axb5 axb5 39. Qb7 Rf8 40. Qxb5 Qf4+
41. Kh1 Nf7 42. Qc5 Qc4 43. Qb6 Ng5 44. f3 d4 45. Qxd4 Qxd4 46. Rxd4 Rc8 47. Bb2 Rc2 48. Rd8+ Kf7 49. Be5 Ke6 50. Re8+ Kd5
51. b5 Rc1+ 52. Kh2 Rb1 53. Bf6 Ne6 54. Re7 h5 55. Rd7+ Kc5 56. Be7+ Kc4 57. Rd6 Nd4 58. Rxg6 Rxb5 59. Rg5 Rxg5 60. Bxg5 Kd5
61. Kg3 Nf5+ 62. Kf4 Ke6 63. Bd8 Nd6 64. Bc7
1-0

[Event "2015: The Year Of Darkcoin"]
[Site "SchemingMind.com"]
[Date "2015.01.04"]
[Round "-"]
[White "smothered mate"]
[Black "clare1347"]
[Result "0-1"]
[WhiteCountry "POL"]
[BlackCountry "ENG"]
[WhiteElo "1887"]
[WhiteRD "63"]
[BlackElo "2237"]
[BlackRD "80"]
[GameID "372164"]

1. e4 e5 2. Nf3 Nc6 3. Bc4 Bc5 4. b4 Bxb4 5. c3 Be7 6. d4 Na5 7. Be2 d6 8. Qa4+ c6 9. Ba3 b5 10. Qc2 Nf6
11. dxe5 dxe5 12. Nxe5 Bxa3 13. Nxa3 Qe7 14. Nxc6 Nxc6 15. Bxb5 Bb7 16. Nc4 O-O 17. O-O Qxe4 18. Qb3 Na5 19. f3 Nxb3 20. fxe4 Nxa1
0-1

[Event "2015: The Year Of Darkcoin"]
[Site "SchemingMind.com"]
[Date "2015.01.04"]
[Round "-"]
[White "clare1347"]
[Black "smothered mate"]
[Result "1-0"]
[WhiteCountry "ENG"]
[BlackCountry "POL"]
[WhiteElo "2257"]
[WhiteRD "81"]
[BlackElo "1823"]
[BlackRD "66"]
[GameID "372165"]

1. d4 d5 2. c4 e6 3. Nc3 c5 4. cxd5 exd5 5. Nf3 Nc6 6. g3 c4 7. Bg2 Bb4 8. O-O Nge7 9. e4 O-O 10. exd5 Nxd5
11. Bg5 f6 12. Nxd5 Qxd5 13. Ne5 Qb5 14. a4 Qa6 15. Nxc6 bxc6 16. Bd2 Bxd2 17. Qxd2 Be6 18. Rfe1 Bd5 19. Bf1 Qb7 20. Qc3 Qb3
21. Ra3 Qb7 22. Bxc4 Rfd8 23. Rb3 Qf7 24. Bxd5 Qxd5 25. Rb7 Re8 26. Ree7 Rxe7 27. Rxe7 Kf8 28. Qa3 Kg8 29. Qb4 Rd8 30. Qb7 Qg5
31. Qc7 Rf8 32. Qxc6 f5 33. Qe6+ Kh8 34. Re8
1-0

[Event "2015: The Year Of Darkcoin"]
[Site "SchemingMind.com"]
[Date "2015.01.04"]
[Round "-"]
[White "clare1347"]
[Black "Scooter"]
[Result "1-0"]
[WhiteCountry "ENG"]
[BlackCountry "USA"]
[WhiteElo "2225"]
[WhiteRD "80"]
[BlackElo "1778"]
[BlackRD "45"]
[GameID "372166"]

1. d4 Nf6 2. c4 g6 3. Nc3 Bg7 4. e4 d6 5. Nf3 Bg4 6. Be2 O-O 7. h3 Bxf3 8. Bxf3 Nbd7 9. O-O e5 10. d5 Nc5
11. b4 Ncd7 12. a4 c6 13. dxc6 bxc6 14. Qxd6
1-0

[Event "2015: The Year Of Darkcoin"]
[Site "SchemingMind.com"]
[Date "2015.01.04"]
[Round "-"]
[White "Scooter"]
[Black "clare1347"]
[Result "0-1"]
[WhiteCountry "USA"]
[BlackCountry "ENG"]
[WhiteElo "1778"]
[WhiteRD "45"]
[BlackElo "2225"]
[BlackRD "80"]
[GameID "372167"]

1. d4 Nf6 2. Nf3 e6 3. Bg5 h6 4. Bxf6 Qxf6 5. e3 d5 6. Be2 Nd7 7. O-O Bd6 8. Nbd2 O-O 9. c4 c5 10. cxd5 exd5
11. Rc1 Qg6 12. a3 b6 13. Nh4 Qf6 14. Nhf3 Qe7 15. Re1 Nf6 16. dxc5 bxc5 17. h3 Rb8 18. Rb1 Bf5 19. Nh4 Bxb1
0-1

[Event "2015: The Year Of Darkcoin"]
[Site "SchemingMind.com"]
[Date "2014.12.31"]
[Round "-"]
[White "clare1347"]
[Black "Transcendent"]
[Result "1-0"]
[WhiteCountry "ENG"]
[BlackCountry "ENG"]
[WhiteElo "2257"]
[WhiteRD "81"]
[BlackElo "1422"]
[BlackRD "66"]
[GameID "372168"]

1. d4 d5 2. c4 c6 3. Nf3 Nf6 4. Nc3 dxc4 5. a4 Bf5 6. Ne5 Nbd7 7. Nxc4 Qc7 8. g3 e6 9. Bf4 Qd8 10. Bg2 Nd5
11. Bd6 N7b6 12. Nxb6 Nxb6 13. Bxf8 Rxf8 14. e4 Bg6 15. O-O Qc7 16. Qe2 O-O-O 17. a5 Nd7 18. a6 b6 19. Rfc1 Kb8 20. Nb5 Qc8
21. e5 Ka8 22. Rxc6
1-0

[Event "2015: The Year Of Darkcoin"]
[Site "SchemingMind.com"]
[Date "2015.01.01"]
[Round "-"]
[White "Transcendent"]
[Black "clare1347"]
[Result "0-1"]
[WhiteCountry "ENG"]
[BlackCountry "ENG"]
[WhiteElo "1450"]
[WhiteRD "71"]
[BlackElo "2275"]
[BlackRD "80"]
[GameID "372169"]

1. d4 Nf6 2. c4 e6 3. g3 d5 4. Nf3 dxc4 5. Bg2 c6 6. Qc2 b5 7. O-O Na6 8. Ne5 Bb7 9. b3 Qxd4 10. Bb2 Qb6
11. bxc4 Be7 12. cxb5 Nb4 13. Qc3 cxb5 14. Bxb7 Qxb7 15. a3 Rc8 16. Qb3 Qd5 17. Qxd5 Nbxd5 18. a4 b4 19. Bd4 a5 20. Nd2 O-O
21. Rac1 Nc3 22. Bxc3 bxc3 23. Nb1 c2 24. Nd2 Ba3 25. Nb3 Bxc1 26. Rxc1 Nd5 27. Nd3 Rc3 28. Nd4 Rfc8 29. Nb5 Rb3 30. Nd4 Rb1
31. Nb5 Nb4
0-1

[Event "2015: The Year Of Darkcoin"]
[Site "SchemingMind.com"]
[Date "2015.01.03"]
[Round "-"]
[White "clare1347"]
[Black "eun77"]
[Result "1-0"]
[WhiteCountry "ENG"]
[BlackCountry "ISR"]
[WhiteElo "2257"]
[WhiteRD "81"]
[BlackElo "1264"]
[BlackRD "56"]
[GameID "372170"]

1. d4 d5 2. c4 c6 3. Nf3 e6 4. Nc3 Nf6 5. Bg5 Be7 6. e3 O-O 7. Bd3 g6 8. O-O Re8 9. c5 Bf8 10. Ne5 Bg7
11. f4 Nbd7 12. Rc1 Nxe5 13. fxe5
1-0

[Event "2015: The Year Of Darkcoin"]
[Site "SchemingMind.com"]
[Date "2015.01.03"]
[Round "-"]
[White "eun77"]
[Black "clare1347"]
[Result "0-1"]
[WhiteCountry "ISR"]
[BlackCountry "ENG"]
[WhiteElo "1264"]
[WhiteRD "56"]
[BlackElo "2257"]
[BlackRD "81"]
[GameID "372171"]

1. Nc3 d5 2. d4 Nf6 3. e3 e6 4. Nf3 c5 5. dxc5 a5 6. Bb5+ Bd7 7. Bxd7+ Nbxd7 8. O-O Bxc5 9. a3 O-O 10. Ne2 Qc7
11. c3 Ne5 12. Nxe5 Qxe5 13. Nd4 a4 14. Nf3 Qb8 15. Ne5 Qxe5
0-1

[Event "2015: The Year Of Darkcoin"]
[Site "SchemingMind.com"]
[Date "2014.12.30"]
[Round "-"]
[White "clare1347"]
[Black "berns"]
[Result "1-0"]
[WhiteCountry "ENG"]
[BlackCountry "ENG"]
[WhiteElo "2225"]
[WhiteRD "80"]
[BlackElo "1611"]
[BlackRD "80"]
[GameID "372172"]

1. d4 d5 2. c4 dxc4 3. e4 c5 4. d5 e6 5. Bxc4 Nf6 6. Nc3 Be7 7. Bf4 exd5 8. exd5 Bf5 9. d6 O-O 10. Nge2 Bxd6
11. Qxd6 Qxd6 12. Bxd6 Re8 13. Rd1 Nc6 14. Bxc5 b6 15. Be3 Nb4 16. O-O Rac8 17. b3 Ng4 18. Nb5 Nxe3 19. fxe3 Re5 20. Nd6 Rd8
21. Nxf7 Rxd1 22. Nxe5+
1-0

[Event "2015: The Year Of Darkcoin"]
[Site "SchemingMind.com"]
[Date "2014.12.30"]
[Round "-"]
[White "berns"]
[Black "clare1347"]
[Result "0-1"]
[WhiteCountry "ENG"]
[BlackCountry "ENG"]
[WhiteElo "1611"]
[WhiteRD "80"]
[BlackElo "2225"]
[BlackRD "80"]
[GameID "372173"]

1. Nf3 d5 2. d4 Nf6 3. b3 Bg4 4. Nbd2 c5 5. c3 e6 6. h3 Bf5 7. e3 Nbd7 8. Bb5 a6 9. Bxd7+ Qxd7 10. O-O Bd6
11. Ne5 Qc7 12. Ndf3 Ne4 13. Bb2 f6 14. Nd3 b6 15. Rc1 c4 16. bxc4 Qxc4 17. a3 Ng3 18. fxg3 Qxd3 19. Qxd3 Bxd3 20. Rf2 Bxg3
21. Rd2 Bc4 22. Ra1 O-O 23. a4 Rfc8 24. a5 bxa5 25. Rxa5 Rab8 26. Rc5 Rxc5 27. dxc5 a5 28. Nd4 a4 29. Bc1 Rb1 30. Rd1 a3
31. c6 a2 32. Nc2 Bb3 33. c7 Bxc7 34. Kf2 Bxc2
0-1

[Event "2015: The Year Of Darkcoin"]
[Site "SchemingMind.com"]
[Date "2014.12.31"]
[Round "-"]
[White "clare1347"]
[Black "William Lindberg"]
[Result "0-1"]
[WhiteCountry "ENG"]
[BlackCountry "USA"]
[WhiteElo "2237"]
[WhiteRD "80"]
[BlackElo "2204"]
[BlackRD "67"]
[GameID "372174"]

1. d4 Nf6 2. c4 e6 3. Nf3 d5 4. Nc3 Be7 5. cxd5 exd5 6. Bf4 O-O 7. e3 Nc6 8. a3 Nh5 9. Bd3 Nxf4 10. exf4 Bg4
11. h3 Bxf3 12. Qxf3 Nxd4 13. Qxd5 g6 14. O-O c6 15. Qxd8 Raxd8 16. Rad1 Rfe8 17. Rfe1 Kg7 18. Re3 Ne6 19. f5 Nf4 20. Kf1 Bf6
21. Rxe8 Rxe8 22. fxg6 hxg6 23. Bc2 Bxc3 24. bxc3 Re2 25. Bxg6 Kxg6 26. Rd4 Ra2 27. Rxf4 Rxa3 28. Rc4 a5 29. Ke2 a4 30. Ke3 Ra1
31. Kd3 f5 32. Ke3 a3 33. Ra4 b5 34. Ra6 Kf7 35. Kd4 a2 36. Kc5 Ke6 37. f4 Rc1 38. Rxa2 Rxc3+ 39. Kd4 Rc4+ 40. Ke3 b4
41. Ra7 c5 42. Rb7 Rc3+ 43. Ke2 Kd5 44. h4 Ke4 45. h5 Rc2+ 46. Kf1 Rc1+ 47. Kf2 Rh1 48. g4 fxg4 49. Kg3 b3 50. f5 Kxf5
51. Kg2 Rh3 52. Rb5 Rc3 53. Rb6 c4 54. h6 Kf4 55. Rb7 Rc2+ 56. Kf1 Rh2 57. h7 Rxh7
0-1

[Event "2015: The Year Of Darkcoin"]
[Site "SchemingMind.com"]
[Date "2015.01.01"]
[Round "-"]
[White "William Lindberg"]
[Black "clare1347"]
[Result "0-1"]
[WhiteCountry "USA"]
[BlackCountry "ENG"]
[WhiteElo "2176"]
[WhiteRD "65"]
[BlackElo "2225"]
[BlackRD "80"]
[GameID "372175"]

1. e4 e5 2. Nf3 Nc6 3. Bb5 a6 4. Bxc6 dxc6 5. O-O f6 6. d4 exd4 7. Nxd4 c5 8. Ne2 Qxd1 9. Rxd1 Bd6 10. Bf4 Be6
11. Bxd6 O-O-O 12. Bf4 Rxd1#
0-1

[Event "2015: The Year Of Darkcoin"]
[Site "SchemingMind.com"]
[Date "2014.12.30"]
[Round "-"]
[White "clare1347"]
[Black "Eric Caesar"]
[Result "1-0"]
[WhiteCountry "ENG"]
[BlackCountry "NED"]
[WhiteElo "2233"]
[WhiteRD "78"]
[BlackElo "1955"]
[BlackRD "79"]
[GameID "372176"]

1. d4 Nf6 2. c4 e6 3. Nc3 Bb4 4. f3 d5 5. a3 Bxc3+ 6. bxc3 dxc4 7. e4 b5 8. a4 c6 9. Ba3 Bb7 10. Qd2 Nbd7
11. Qg5 Rg8 12. Nh3 a6 13. Be2 Qb6 14. O-O O-O-O 15. Bd6 h6 16. Qe3 g5 17. Nf2 h5 18. Rab1 Qa7 19. Qc1 g4 20. fxg4 hxg4
21. Qa3 Qa8 22. Bg3 Nh5 23. Bh4 Rde8 24. Nxg4 f5 25. Nh6 Nhf6 26. Nxg8 Rxg8 27. Bxf6 Nxf6 28. Qe7 Nxe4 29. Qxe6+ Kc7 30. Qe5+ Kb6
31. Bxc4 Re8 32. Qxf5 Bc8 33. Qg6 Bd7 34. axb5 Nxc3 35. bxc6+
1-0